[Event "Passau op 7th"]
[Site "Passau"]
[Date "1999.04.03"]
[Round "3"]
[White "Deiler, Ralf"]
[Black "Roos, Karin"]
[Result "0-1"]
[WhiteElo "1160"]
[BlackElo "1700"]
[PlyCount "42"]
[EventDate "1999.04.02"]
[EventType "swiss"]
[EventRounds "7"]
[EventCountry "GER"]
[SourceTitle "EXT 2000"]
[Source "ChessBase"]
[SourceDate "1999.11.16"]
[SourceVersion "1"]
[SourceVersionDate "1999.11.16"]
[SourceQuality "1"]

1. d4 Nf6 2. c4 e6 3. Nc3 d5 4. c5 b6 5. b4 Be7 6. Nf3 0-0 7. e3 Bd7 8. Bd3 a5 9. Rb1 axb4 10. Rxb4 bxc5 11. dxc5 Bxc5 12. Rh4 Be7 13. Qc2 Ne4 14. Rh5 g6 15. Rh3 Na6 16. Nxe4 Nb4 17. Qd1 dxe4 18. Bc4 exf3 19. Qxf3 Nc2+ 20. Kf1 Bc6 21. Qe2 Nb4 0-1

[Event "Passau op 7th"]
[Site "Passau"]
[Date "1999.04.02"]
[Round "2"]
[White "Reinartz, Ulrich"]
[Black "Deiler, Ralf"]
[Result "1-0"]
[WhiteElo "1798"]
[BlackElo "1160"]
[PlyCount "29"]
[EventDate "1999.04.02"]
[EventType "swiss"]
[EventRounds "7"]
[EventCountry "GER"]
[SourceTitle "EXT 2000"]
[Source "ChessBase"]
[SourceDate "1999.11.16"]
[SourceVersion "1"]
[SourceVersionDate "1999.11.16"]
[SourceQuality "1"]

1. e4 e5 2. Nf3 Nc6 3. d4 exd4 4. Nxd4 Nf6 5. Nxc6 bxc6 6. Nc3 Qe7 7. Bd3 d5 8. 0-0 d4 9. Ne2 c5 10. Bg5 h6 11. Bh4 g5 12. Bg3 Nxe4 13. Bxe4 Qxe4 14. Re1 Qc6 15. Nxd4+ 1-0